000 01085nam a22003377a 4500
003 CHAP
005 20220329133438.0
008 971013s1992 r 00010 d
010 _a6487
011 _a7459
035 _a6682
040 _cCHAP
090 _aTesis
100 0 0 _aMontiel Gutiérrez, Mario Alberto.
_977948
245 _aConsideraciones sobre hidrometría de corrientes
260 _aChapingo, Méx. :
_bEl autor,
_c1992
300 _a180 h.
_b: ilus. ; gráfs.
500 _a62-128
502 _aTesis (Ing. Agr. Esp. en Irrigación) -- UACH. Departamento de Irrigación
590 _aALEPH
_b10
_c20130110
_lUCH01
_h1219
590 _aBATCH-UPD
_b10
_c20130110
_lUCH01
_h0219
590 _aBATCH-UPD
_b10
_c20130110
_lUCH01
_h1302
590 _aBATCH-UPD
_b10
_c20130409
_lUCH01
_h2239
590 _aBATCH-UPD
_b10
_c20130913
_lUCH01
_h1953
590 _aCONVERSION
_b10
_c20130109
_lUCH01
_h1305
650 1 4 _aAforadores.
_91033
650 1 4 _aCorrientes de agua
_xMedición.
_928261
901 _aBK
942 _cTESIS
949 _bBC
_cTES
_d-16290
_eTS1
_h25528
_i6682
_si
999 _c6487
_d6487